Pays d'Europe à partir de leur capitale - Statistiques

Statistiques générales
  • Ce quiz a été pris 2 537 fois
    2 431 depuis la dernière actualisation
  • Le résultat moyen est 32 sur 40
Statistiques - réponses
Hint Réponse % Correct
Athènes Grèce
99%
Amsterdam Pays-Bas
99%
Berlin Allemagne
98%
Bruxelles Belgique
98%
Madrid Espagne
96%
Paris France
96%
Londres Royaume-Uni
96%
Moscou Russie
96%
Lisbonne Portugal
95%
Kiev Ukraine
95%
Rome Italie
94%
Dublin Irlande
93%
Berne Suisse
92%
Oslo Norvège
91%
Copenhague Danemark
89%
Helsinki Finlande
88%
Vienne Autriche
87%
Stockolm Suède
87%
Budapest Hongrie
85%
Varsovie Pologne
83%
Bucarest Roumanie
83%
Prague République Tchèque
82%
Zagreb Croatie
77%
La Valette Malte
77%
Sofia Bulgarie
75%
Reykjavik Islande
74%
Minsk Biélorussie
71%
Belgrade Serbie
71%
Bratislava Slovaquie
69%
Riga Lettonie
67%
Sarajevo Bosnie-Herzégovine
66%
Ljubjana Slovénie
66%
Tallinn Estonie
65%
Tirana Albanie
63%
Vilnius Lituanie
63%
Chisnau Moldavie
56%
Pristana Kosovo
54%
Skopje Macédoine du Nord
54%
Podgoria Monténégro
54%
Vaduz Liechtenstein
50%
Aucun quiz correspondant
Distribution des résultats
% des personnes avec chaque résultat
Percentile par nombre de réponses
Votre historique - résultats
Vous n’avez pas pris ce quiz depuis la dernière actualisation